| 000 | 00562nam a2200217Ia 4500 | ||
|---|---|---|---|
| 005 | 20241216010450.0 | ||
| 008 | 180423s9999||||xx |||||||||||||| ||und|| | ||
| 082 |
_a539 _bA22 |
||
| 100 | _aADAMSON, ARTHUR W. | ||
| 245 | 0 | _aUNDERSTANDING PHYSICAL CHEMISTRY | |
| 250 | _a0 | ||
| 260 |
_aCALIFORNIA-U.S.A. _bW. A. BENJAMIN _c1969 |
||
| 300 |
_a516 pag _c23 cm |
||
| 341 | _h0 | ||
| 490 |
_v0 _a0 |
||
| 505 | _aGASES-THERMOCHEMISTRY/SOLUTIONS-ELECTROCHEMICAL | ||
| 541 |
_aC _d12-May-94 |
||
| 650 | _aCIENCIAS PURAS | ||
| 856 | _zCC. Puras | ||
| 942 | _cLIBRO | ||
| 999 |
_c15175 _d15175 |
||